Molecular biology of food and water borne mycotoxigenic and mycotic fungi (Record no. 32741)

MARC details
000 -LEADER
fixed length control field 00543nam a2200181Ia 4500
020 ## - INTERNATIONAL STANDARD BOOK NUMBER
ISBN 9781466559882
050 ## - CALL MARK
Classification number RC 117 .P38/
100 ## - STATEMENT OF RESPONSIBILITY--MAIN AUTHOR NAME
Personal name Paterson, Russell M. R.
245 #0 - TITLE STATEMENT
Title Molecular biology of food and water borne mycotoxigenic and mycotic fungi
260 ## - PUBLICATION, DISTRIBUTION, ETC. (IMPRINT)
Place of publication New York
260 ## - PUBLICATION, DISTRIBUTION, ETC. (IMPRINT)
Name of publisher CRC press taylor & francis group
260 ## - PUBLICATION, DISTRIBUTION, ETC. (IMPRINT)
Year of publication 2016
300 ## - PHYSICAL DESCRIPTION
Number of Pages 606 p
650 ## - SUBJECT ADDED ENTRY--TOPICAL TERM
Topical Term Mycoses. Mycotoxins. Foodborne diseases. Waterborne infection.
942 ## - ADDED ENTRY ELEMENTS (KOHA)
Koha item type Books
Holdings
Withdrawn status Lost status Source of classification or shelving scheme Damaged status Not for loan Permanent Location Current Location Shelving location Date acquired Accession Number Price effective from Koha item type
    Library of Congress Classification     NILE UNIVERSITY OF NIGERIA - MAIN LIBRARY NILE UNIVERSITY OF NIGERIA - MAIN LIBRARY Items on shelf 04/23/2025 0194042 04/23/2025 Books